Motor Vehicle Mechanics Textbook. (Record no. 480946)

000 -LEADER
fixed length control field 00501nam a22002057a 4500
003 - CONTROL NUMBER IDENTIFIER
control field NUST
005 - DATE AND TIME OF LATEST TRANSACTION
control field 20180828111902.0
008 - FIXED-LENGTH DATA ELEMENTS--GENERAL INFORMATION
fixed length control field 180828b ||||| |||| 00| 0 eng d
020 ## - INTERNATIONAL STANDARD BOOK NUMBER
International Standard Book Number 0408004262
022 ## - INTERNATIONAL STANDARD SERIAL NUMBER
International Standard Serial Number 0408004262
038 ## - RECORD CONTENT LICENSOR
Staff Name 0
050 ## - LIBRARY OF CONGRESS CALL NUMBER
Classification number 629.2
082 ## - DEWEY DECIMAL CLASSIFICATION NUMBER
Classification number 629.2
100 ## - MAIN ENTRY--PERSONAL NAME
Personal name Sully,F.K.
9 (RLIN) 12316
245 ## - TITLE STATEMENT
Title Motor Vehicle Mechanics Textbook.
Statement of responsibility, etc. F.K.Sully.
260 ## - PUBLICATION, DISTRIBUTION, ETC.
Place of publication, distribution, etc. London
Name of publisher, distributor, etc. Newnes-Butterworths.
Date of publication, distribution, etc. 1979
300 ## - PHYSICAL DESCRIPTION
Extent 313p.
500 ## - GENERAL NOTE
General note Paper Cover.
942 ## - ADDED ENTRY ELEMENTS (KOHA)
Source of classification or shelving scheme
Koha item type Book
Call number prefix 629.2
Holdings
Withdrawn status Lost status Source of classification or shelving scheme Damaged status Not for loan Collection code Permanent Location Current Location Shelving location Date acquired Total Checkouts Full call number Barcode Date last seen Price effective from Koha item type
            Central Library (CL) Central Library (CL) General Stacks 08/28/2018   629.2 SUL NBSD-3069 08/28/2018 08/28/2018 Book
© 2023 Central Library, National University of Sciences and Technology. All Rights Reserved.